Back to basics in reading made fun

Bibliographic Details
Main Author: Christman-Rithlein, Liz
Other Authors: Caballero-Hodges, Jane
Format: Book
Published: Atlanta : Humanics Ltd. , 1987
Subjects:

MARC

LEADER 00000cam a2200000 7i4500
001 0000008549
002 000009317
005 20080214.0
020 |a 0893340987 
090 0 0 |a 649.58   |b CHR 
100 0 |a Christman-Rithlein, Liz 
245 1 0 |a Back to basics in reading made fun   |c Liz Christman Rothlein and Jane Caballero Ph.D 
260 |a Atlanta :   |b Humanics Ltd. ,   |c 1987 
300 |a 111p. ;   |c 30cm. 
650 0 0 |a Reading games 
650 0 0 |a Reading   |x Parents participation 
700 0 |a Caballero-Hodges, Jane 
999 |a 040285   |b BUKU   |c PINJAMAN   |e PERPUSTAKAAN KOMUNITI PETALING JAYA 
999 |a 040286   |b BUKU   |c PINJAMAN   |e PERPUSTAKAAN KOMUNITI PETALING JAYA